| 000 -LEADER |
| fixed length control field |
00536cam a22002051 4500 |
| 001 - CONTROL NUMBER |
| control field |
3580544 |
| 005 - DATE AND TIME OF LATEST TRANSACTION |
| control field |
20171219040418.0 |
| 008 - FIXED-LENGTH DATA ELEMENTS--GENERAL INFORMATION |
| fixed length control field |
761012s1922 nyu 000 0 eng |
| 010 ## - LIBRARY OF CONGRESS CONTROL NUMBER |
| LC control number |
22017960 |
| 040 ## - CATALOGING SOURCE |
| Original cataloging agency |
DLC |
| Transcribing agency |
IEN |
| Modifying agency |
DLC |
| 041 ## - LANGUAGE CODE |
| Language code of text/sound track or separate title |
eng |
| 043 ## - GEOGRAPHIC AREA CODE |
| Geographic area code |
n-us--- |
| 080 ## - UNIVERSAL DECIMAL CLASSIFICATION NUMBER |
| Universal Decimal Classification number |
94 BEC |
| 082 ## - DEWEY DECIMAL CLASSIFICATION NUMBER |
| Classification number |
94 BEC |
| 100 1# - Rafti |
| Rafti |
17 |
| 101 ## - Shkurtesa |
| Shkurtesa |
HIS |
| 245 14 - TITLE STATEMENT |
| Title |
The Declaration of independence, |
| Statement of responsibility, etc |
by Carl Becker. |
| 906 ## - LOCAL DATA ELEMENT F, LDF (RLIN) |
| a |
7 |
| b |
cbc |
| c |
orignew |
| d |
u |
| e |
ocip |
| f |
19 |
| g |
y-gencatlg |
| 942 ## - ADDED ENTRY ELEMENTS (KOHA) |
| Source of classification or shelving scheme |
|
| Item type |
Books |